000 02049cam a2200169 4500500
005 20260322013332.0
041 _afre
042 _adc
100 1 0 _aTellier, Thibault
_eauthor
245 0 0 _aVincent Denis, Policiers de Paris. Les commissaires de police en Révolution (1789-1799), Ceyzérieu, Champ Vallon, 2022 (Antoine Renglet)
260 _c2025.
500 _a71
520 _aAu départ du travail réalisé dans le cadre de l’exposition « Oh ! Ça ne coule pas de source » organisée au Musée bruxellois des Industries et du Travail en 2021-2022, ce court article propose de porter un regard distancié sur le système socio-hydrique bruxellois et de mettre en perspective les transformations qu’il connait depuis une vingtaine d’années. Le coût croissant des infrastructures de l’eau (stations d’épuration, collecteurs d’eaux usées), couplé à la paupérisation d’une grande partie de la population bruxelloise, secoue profondément le modèle contemporain de gestion de l’eau quotidienne ébauché à partir de la findu 19e siècle et mis en œuvre principalement après la Seconde Guerre mondiale.
520 _aBased on work carried out in the context of the exhibition ‘Oh ! Ça ne coule pas de source’ organised at the Musée bruxellois des Industries et du Travail in 2021-2022, this brief article proposes to take a distanced look at Brussels’ socio-hydric system and to put into perspective the transformations it has undergone over the last twenty years. The rising cost of water infrastructure (water treatment plants, sewers), coupled with the impoverishment of a large part of the Brussels population, is profoundly shaking up the contemporary model for everyday water supply management, which was first sketched out at the end of the 19th century and implemented mainly after the Second World War.
786 0 _nHistoire urbaine | 73 | 2 | 2025-11-20 | p. Ie-12e | 1628-0482
856 4 1 _uhttps://shs.cairn.info/revue-histoire-urbaine-2025-2-page-Ie?lang=fr&redirect-ssocas=7080
999 _c1780004
_d1780004